000 00187nam a22000977a 4500
003 SGT
245 _aOral Health & Preventive Dentistry
260 _c2006
300 _a290
942 _2ddc
_cBV
999 _c30263
_d30263